| 000 | 00542nam a2200181Ia 4500 | ||
|---|---|---|---|
| 003 | OSt | ||
| 005 | 20260326094738.0 | ||
| 008 | 211028s2007 xx 000 0 und d | ||
| 040 | _cAIMIT LIBRARY | ||
| 041 | _aeng | ||
| 082 | _a658.3 DSOS | ||
| 100 |
_aDsouza, Smith Priya;P G Aquinas. _g50971381 _95824 |
||
| 245 | _aA study on employee engagement in Mangalore refinery and petrochemicals / | ||
| 260 |
_bP G Aquinas _c2007 |
||
| 600 |
_aHuman Resource Management _95825 |
||
| 650 |
_aHuman Resource Management _95826 |
||
| 942 |
_2ddc _cPRO |
||
| 999 |
_c218033 _d218033 |
||